000 00402nam a2200145Ia 4500
008 090124s9999 xx 000 0 und d
082 _b305190
245 _a बंधन सुखाचे
250 _a1
260 _bदेशपांडे शैलजा
_c2005
300 _a100
630 _a बंधन सुखाचे
730 _a बंधन सुखाचे
942 _cBOOK
999 _c195168
_d195168